书目信息 |
| 题名: |
传质-反应过程
|
|
| 作者: | 谭天恩 编 | |
| 分册: | ||
| 出版信息: | 杭州 浙江大学出版社 1990.02 |
|
| 页数: | 227页 | |
| 开本: | 32开 | |
| 丛书名: | ||
| 单 册: | ||
| 中图分类: | O643.1 | |
| 科图分类: | ||
| 主题词: | 物理化学 , 量子化学 | |
| 电子资源: | ||
| ISBN: | 7-308-00228-4 | |
| 000 | 00573nam0 2200205 45 | |
| 001 | 0010071523 | |
| 005 | 20001007154452.2 | |
| 010 | @a7-308-00228-4@d1.80元 | |
| 100 | @a20001007d1990 km y0chiy0120 ea | |
| 101 | 0 | @achi |
| 105 | @a z 000yy | |
| 200 | 1 | @a传质-反应过程@AChuan Zhi-Fan Ying Guo Cheng@f谭天恩等编@FTan Tian En Deng Bian |
| 210 | @a杭州@c浙江大学出版社@d1990.02 | |
| 215 | @a227页@d32开 | |
| 606 | 0 | @a物理化学 |
| 606 | 0 | @a量子化学 |
| 690 | @aO643.1@v3 | |
| 701 | 0 | @a谭天恩@4编 |
| 801 | @aCN@bPftUser@c20001007 | |
| 905 | @b170993-997@dO643.1@eT228@f5 | |
| 传质-反应过程/谭天恩等编.-杭州:浙江大学出版社,1990.02 |
| 227页;32开 |
| ISBN 7-308-00228-4:1.80元 |
| ● |
| 相关链接 |
|
|
|
正题名:传质-反应过程
索取号:O643.1/T228
 
预约/预借
| 序号 | 登录号 | 条形码 | 馆藏地/架位号 | 状态 | 备注 |
| 1 | 170993 | 201709936 | 自科库401/401自科库 64排5列2层/ [索取号:O643.1/T228] | 在馆 | |
| 2 | 170994 | 201709945 | 自科库401/401自科库 64排5列2层/ [索取号:O643.1/T228] | 在馆 | |
| 3 | 170995 | 201709954 | 自科库401/401自科库 64排5列2层/ [索取号:O643.1/T228] | 在馆 | |
| 4 | 170996 | 201709963 | 自科库401/401自科库 64排5列2层/ [索取号:O643.1/T228] | 在馆 | |
| 5 | 170997 | 201709972 | 自科库401/401自科库 64排5列2层/ [索取号:O643.1/T228] | 在馆 |